Quản lý hoạt động giáo dục ngoài giờ lên lớp ở các trường THPT huyện Phong Điền, thành phố Cần Thơ Luận văn thạc sĩ khoa học giáo dục. Chuyên ngành: Quản lý giáo dục. Mã số: 8.14.01.14

Salvato in:
Dettagli Bibliografici
Autore principale: Nguyễn, Hữu Nhã
Altri autori: Phạm ,Văn Khanh (Hướng dẫn)
Natura: Multimedia Libro
Lingua:Vietnamese
Pubblicazione: Đồng Tháp Đại học Đồng Tháp 2019
Soggetti:
Tags: Aggiungi Tag
Nessun Tag, puoi essere il primo ad aggiungerne! !
Thư viện lưu trữ: Trung tâm Học liệu Lê Vũ Hùng, Trường Đại học Đồng Tháp
LEADER 01206ppm a22002538a 4500
001 00045308
005 20191220151207.0
008 170628s2017 ||||||viesd
041 0 # |a vie 
082 1 4 |b QU105L  |a 373.11 
100 1 # |a Nguyễn, Hữu Nhã 
245 0 0 |b Luận văn thạc sĩ khoa học giáo dục. Chuyên ngành: Quản lý giáo dục. Mã số: 8.14.01.14  |c Nguyễn Hữu Nhã ; Phạm Văn Khanh (hướng dẫn)  |a Quản lý hoạt động giáo dục ngoài giờ lên lớp ở các trường THPT huyện Phong Điền, thành phố Cần Thơ 
260 # # |a Đồng Tháp  |b Đại học Đồng Tháp  |c 2019 
300 # # |a 105 tr. +phụ lục  |c 30cm. 
500 # # |a ĐTTS ghi: Bộ giáo dục và đào tạo. Trường Đại học Đồng Tháp 
653 # # |a Cần Thơ 
653 # # |a THPT 
653 # # |a Quản lý giáo dục 
653 # # |a Luận văn 
653 # # |a Ngoài giờ lên lớp 
700 1 # |a Phạm ,Văn Khanh  |e Hướng dẫn 
852 # # |j LV.0002242  |j LV.0002202 
910 # # |d 20/12/2019 
980 # # |a Trung tâm Học liệu Lê Vũ Hùng, Trường Đại học Đồng Tháp